Policy Responses to New Forms of Work
Guardado en:
| Formato: | Libro |
|---|---|
| Lenguaje: | inglés |
| Publicado: |
Paris
OECD
2019
|
| Materias: | |
| Etiquetas: |
Sin Etiquetas, Sea el primero en etiquetar este registro!
|
MARC
| LEADER | 00000nam a2200000 4500 | ||
|---|---|---|---|
| 001 | 0262951 | ||
| 005 | 20221220065106.8 | ||
| 020 | |a 978-92-64-46181-9 | ||
| 041 | 0 | |a eng | |
| 044 | |a FR | ||
| 245 | 1 | 0 | |a Policy Responses to New Forms of Work |
| 264 | 1 | |a Paris |b OECD |c 2019 | |
| 300 | |a 96 s. | ||
| 610 | 2 | 0 | |a práca |
| 610 | 2 | 0 | |a politika zamestnanosti |
| 610 | 2 | 0 | |a formy zamestnávania |
| 610 | 2 | 0 | |a pracovníci |
| 610 | 2 | 0 | |a ochrana sociálna |
| 610 | 2 | 0 | |a zručnosti |
| 610 | 2 | 0 | |a vzdelávanie celoživotné |
| 610 | 2 | 0 | |a služby zamestnanosti |
| 610 | 2 | 0 | |a vyjednávanie kolektívne |
| 610 | 2 | 0 | |a zber dát |